LEADER 04324nam 22006612 450 001 9910791901803321 005 20160208162121.0 010 $a1-139-50780-X 010 $a1-107-22395-4 010 $a9786613684646 010 $a1-139-51477-6 010 $a1-139-51642-6 010 $a1-139-51384-2 010 $a1-280-77387-1 010 $a1-139-51734-1 010 $a1-139-51827-5 010 $a0-511-84644-4 035 $a(CKB)2560000000092616 035 $a(SSID)ssj0000677757 035 $a(PQKBManifestationID)11365493 035 $a(PQKBTitleCode)TC0000677757 035 $a(PQKBWorkID)10696807 035 $a(PQKB)10665512 035 $a(MiAaPQ)EBC944695 035 $a(Au-PeEL)EBL944695 035 $a(CaPaEBR)ebr10578300 035 $a(CaONFJC)MIL368464 035 $a(OCoLC)795895614 035 $a(UkCbUP)CR9780511846441 035 $a(PPN)261324195 035 $a(EXLCZ)992560000000092616 100 $a20101101d2012|||| uy| 0 101 0 $aeng 135 $aur||||||||||| 181 $ctxt$2rdacontent 182 $cc$2rdamedia 183 $acr$2rdacarrier 200 00$aGuidance for healthcare ethics committees /$fedited by D. Micah Hester, Toby Schonfeld$b[electronic resource] 210 1$aCambridge :$cCambridge University Press,$d2012. 215 $a1 online resource (xiii, 185 pages) $cdigital, PDF file(s) 300 $aTitle from publisher's bibliographic system (viewed on 05 Oct 2015). 311 $a0-521-27987-9 320 $aIncludes bibliographical references and index. 327 $aIntroduction to healthcare ethics committees / D. Micah Hester and Toby Schonfeld -- Brief introduction to ethics and ethical theory / D. Micah Hester and Toby Schonfeld -- Ethics committees and the law / Stephen Latham -- Cultural and religious issues in healthcare / Alissa Hurwitz Swota -- Mission, vision, goals : defining the parameters of ethics consultation / Martin L. Smith -- Ethics consultation process / Jeffrey Spike -- Informed consent, shared decision-making, and the ethics committee / Randall Horton and Howard Brody -- Decision-making capacity / Arthur R. Derse -- Family dynamics and surrogate decision-making / Lisa Soleymani Lehmann -- Confidentiality / Toby Schonfeld -- Advance care planning and end-of-life decision-making / Nancy M.P. King and John C. Moskop -- Medical futility / Taddeus Mason Pope -- Issues in reproduction / Anne Drapkin Lyerly -- Ethical issues in neonatology / John D. Lantos -- Ethical issues in pediatrics / D. Micah Hester -- Ethics committees and distributive justice / Nancy S. Jecker -- Developing effective ethics policy / Anne Lederman Flamm -- Implementing policy to the wider community / Mary Faith Marshall and Joan Liaschenko -- Ethics in and for the organization / Mary V. Rorty -- The healthcare ethics committee as educator / Kathy Kinlaw -- Education as prevention / Kayhan Parsi -- Understanding ethics pedagogy / Felicia Cohn. 330 $aEvery accredited American hospital is required to have a mechanism for handling ethical concerns; most hospitals satisfy this requirement by constituting an institutional healthcare ethics committee (HEC), a pattern which is repeated in most western countries. This text provides definitive, comprehensive guidance for members of healthcare ethics committees who find themselves confronted with ethically challenging situations. Each chapter includes learning objectives, clinical case studies and questions to stimulate discussion among committee members. Particular emphasis is given to consultation, as this often presents the greatest challenges to committee members. Each chapter stands alone as a teaching module, as well as forming part of a comprehensive volume. Written and edited by nationally and internationally recognized experts in bioethics, this is essential reading for every member of a healthcare ethics committee. 606 $aMedical ethics committees 606 $aMedical ethics 615 0$aMedical ethics committees. 615 0$aMedical ethics. 676 $a174.2 702 $aHester$b D. Micah 702 $aSchonfeld$b Toby 801 0$bUkCbUP 801 1$bUkCbUP 906 $aBOOK 912 $a9910791901803321 996 $aGuidance for healthcare ethics committees$93760677 997 $aUNINA LEADER 02797nam 2200481 450 001 9910808798303321 005 20230807201948.0 010 $a3-7329-9801-0 035 $a(CKB)3710000000515562 035 $a(EBL)4343839 035 $a(MiAaPQ)EBC4343839 035 $a(Au-PeEL)EBL4343839 035 $a(CaPaEBR)ebr11158366 035 $a(CaONFJC)MIL853580 035 $a(OCoLC)930022805 035 $a5f283a27-c52c-487d-b4b3-7b8ab0dd2d03 035 $a(EXLCZ)993710000000515562 100 $a20160302h20152015 uy 0 101 0 $ager 135 $aur|n|---||||| 181 $2rdacontent 182 $2rdamedia 183 $2rdacarrier 200 00$aBilder der Schizophrenie /$fDaniel Sollberger [and four others] (Hg.) 210 1$aBerlin, [Germany] :$cFrank & Timme,$d2015. 210 4$d©2015 215 $a1 online resource (368 p.) 225 0 $aSchriftenreihe der Deutschsprachigen Gesellschaft fu?r Kunst und Psychopathologie des Ausdrucks e.V. (DGPA),$x2365-4090 ;$vBand 34 300 $aDescription based upon print version of record. 311 $a3-7329-0171-8 330 $aBiographical note: Daniel Sollberger, Chefarzt des ZPP und des ZPS der Psychiatrie Baselland. Hans-Peter Kapfhammer, Vorstand der Klinik für Psychiatrie und Psychotherapeutische Medizin der Medizinischen Universität Graz. Erik Boehlke, geschäftsführender Vorstand des GIB e. V. Paul Hoff, Stellvertretender Direktor der Züricher Universitätsklinik für Psychiatrie, Psychotherapie und Psychosomatik. Thomas Stompe, Facharzt für Psychiatrie, Neurologie und Psychotherapie an der Universitätsklinik für Psychiatrie und Psychotherapie in Wien. 330 $aLong description: Was ist Schizophrenie? Wie äußert sie sich? Und wie (re-)agieren Betroffene? Aus vielfältigen Perspektiven werden hier der Begriff und die Metapher ?Schizophrenie?, die Krankheit selbst sowie das künstlerische, literarische und filmische ?sujet? und dessen Darstellung in den Medien aufgegriffen und thematisiert. Die Autorinnen und Autoren stellen Konzepte der Schizophrenie vor, bieten Einblicke in die Geschichte der Psychiatrie und beleuchten psychiatrisch-philosophische Aspekte, z. B. des Erkennens und Verstehens schizophren-psychotischer Erlebens- und Ausdrucksformen. Entsprechend dem Titel des Buches liegt dessen Schwerpunkt aber in der Auseinandersetzung mit Bildern der Schizophrenie, wie sie durch die künstlerischen Werke psychotischer Künstler vermittelt werden. 606 $aSchizophrenia 615 0$aSchizophrenia. 676 $a616.8982 702 $aSollberger$b Daniel 801 0$bMiAaPQ 801 1$bMiAaPQ 801 2$bMiAaPQ 906 $aBOOK 912 $a9910808798303321 996 $aBilder der Schizophrenie$93923204 997 $aUNINA